Legal and ethical considerations for dental hygienists and assistants / (Record no. 12247)

MARC details
000 -LEADER
fixed length control field 01166cam a2200313 a 4500
001 - CONTROL NUMBER
control field 12131644
005 - DATE AND TIME OF LATEST TRANSACTION
control field 20240812134223.0
008 - FIXED-LENGTH DATA ELEMENTS--GENERAL INFORMATION
fixed length control field 000804s2000 mouabk b 001 0 eng d
010 ## - LIBRARY OF CONGRESS CONTROL NUMBER
LC control number 00699155
015 ## - NATIONAL BIBLIOGRAPHY NUMBER
National bibliography number GB99-V4488
020 ## - INTERNATIONAL STANDARD BOOK NUMBER
International Standard Book Number 9781556644221
035 ## - SYSTEM CONTROL NUMBER
System control number (OCoLC)ocm43974412
040 ## - CATALOGING SOURCE
Original cataloging agency NLM
Transcribing agency NLM
Modifying agency IDP
-- UKM
-- KSW
-- DLC
042 ## - AUTHENTICATION CODE
Authentication code lccopycat
043 ## - GEOGRAPHIC AREA CODE
Geographic area code n-us---
050 00 - LIBRARY OF CONGRESS CALL NUMBER
Classification number KF2910.D3
Item number D38 2000
082 00 - DEWEY DECIMAL CLASSIFICATION NUMBER
Classification number 344.73
Edition number 21
Item number DAV
100 1# - MAIN ENTRY--PERSONAL NAME
Personal name Davison, Judith A.
9 (RLIN) 23248
245 10 - TITLE STATEMENT
Title Legal and ethical considerations for dental hygienists and assistants /
Statement of responsibility, etc Judith A. Davison.
260 ## - PUBLICATION, DISTRIBUTION, ETC. (IMPRINT)
Place of publication, distribution, etc St. Louis :
Name of publisher, distributor, etc Mosby,
Date of publication, distribution, etc c2000.
300 ## - PHYSICAL DESCRIPTION
Extent xxii, 378 p. :
Other physical details ill., forms ;
Dimensions 24 cm.
504 ## - BIBLIOGRAPHY, ETC. NOTE
Bibliography, etc Includes bibliographical references and index.
650 #0 - SUBJECT ADDED ENTRY--TOPICAL TERM
Topical term or geographic name as entry element Dental hygienists
General subdivision Legal status, laws, etc.
Geographic subdivision United States.
9 (RLIN) 23249
650 #0 - SUBJECT ADDED ENTRY--TOPICAL TERM
Topical term or geographic name as entry element Dental assistants
General subdivision Legal status, laws, etc.
Geographic subdivision United States.
9 (RLIN) 23250
650 #0 - SUBJECT ADDED ENTRY--TOPICAL TERM
Topical term or geographic name as entry element Dental ethics.
9 (RLIN) 23251
906 ## - LOCAL DATA ELEMENT F, LDF (RLIN)
a 7
b cbc
c copycat
d 2
e ncip
f 20
g y-gencatlg
942 ## - ADDED ENTRY ELEMENTS (KOHA)
Source of classification or shelving scheme Dewey Decimal Classification
Item type Books
Holdings
Withdrawn status Lost status Source of classification or shelving scheme Damaged status Not for loan Home library Current library Date acquired Inventory number Total Checkouts Full call number Barcode Date last seen Copy number Price effective from Koha item type
    Dewey Decimal Classification     Main Library Faculty of Nursing & Health Sciences Library 12/08/2024 34800   344.73 DAV bsu24081267 12/08/2024 001 12/08/2024 Books
    Dewey Decimal Classification     Main Library Faculty of Nursing & Health Sciences Library 12/08/2024 34801   344.73 DAV bsu24081268 12/08/2024 002 12/08/2024 Books
    Dewey Decimal Classification     Main Library Faculty of Nursing & Health Sciences Library 12/08/2024 34802   344.73 DAV bsu24081269 12/08/2024 003 12/08/2024 Books

© 2017 Bishop Stuart University Library. All Rights Reserved.
Kakoba Campus, Plot 150 Buremba Road | P.O. Box 9, Mbarara, UGANDA | Tel: +256-772-463068
Email: library@bsu.ac.ug